00489nam a2200193 a 4500001001300000003000900013005001700022008004100039020001200080082001400092100001800106245002700124260004200151300000900193500003500202505001700237650002300254700001800277nice12345678IN_TiNIC20260116012628.0050524s1938 phia grp 000 0 eng  ac117.500a230bBRU2 aBrunner, Emil aDivine-Human Encounter aPhiladelphiabWestminster Pressc1938 a207p aincludes index and biblioraphy2 aBibliography aChristian-Theology1 aBrunner, Emil